000
00276nam a22001097a 4500
008
230627b xxu||||| |||| 00| 0 eng d
082
_a
338.176
_b
PSC 2005
245
_a
Reinforcement of Pastoral Civil Society in East Africa
260
_c
2005
300
_a
13p
942
_2
ddc
_c
BK
999
_c
2867
_d
2867